[Event "SVK-chT1E 9798"]
[Site "Slovakia"]
[Date "1998.??.??"]
[Round "9"]
[White "Halasz, Stefan"]
[Black "Vrana, Frantisek"]
[Result "0-1"]
[WhiteElo "2280"]
[BlackElo "2215"]
[PlyCount "118"]
[EventDate "1997.??.??"]
[EventType "team"]
[EventRounds "11"]
[EventCountry "SVK"]
[SourceTitle "EXT 1999"]
[Source "ChessBase"]
[SourceDate "1998.11.16"]
[SourceVersion "1"]
[SourceVersionDate "1998.11.16"]
[SourceQuality "1"]

1. d4 d5 2. c4 e5 3. dxe5 d4 4. Nf3 Nc6 5. Bg5 f6 6. exf6 Nxf6 7. a3 h6 8. Bh4 a5 9. Nbd2 a4 10. Qc2 Be6 11. e3 dxe3 12. fxe3 Be7 13. h3 0-0 14. 0-0-0 Bc5 15. e4 Qe8 16. g4 Nd7 17. Qc3 Bd6 18. Bf2 Na5 19. Bd4 Qg6 20. e5 Nc5 21. Bxc5 Bxc5 22. Bd3 Qe8 23. Rhf1 Kh8 24. Nh4 Rxf1 25. Rxf1 Be3 26. Kc2 Qd7 27. Qxa5 Rxa5 28. Ng6+ Kh7 29. Nf8+ Kg8 30. Nxd7 Bxd7 31. Nf3 Be6 32. Kc3 b6 33. Be4 Rc5 34. Bd3 b5 35. Re1 Bf2 36. Re2 bxc4 37. Bf5 Bxf5 38. gxf5 Bg3 39. Kd4 Rb5 40. Kxc4 c6 41. e6 Kf8 42. Nd4 Rd5 43. e7+ Ke8 44. Ne6 Be5 45. Rxe5 Rxe5 46. Nxg7+ Kxe7 47. Kb4 Kf6 48. Ne6 Re4+ 49. Kc5 Rh4 50. Kxc6 Rxh3 51. Nc5 h5 52. Nxa4 Rb3 53. Kc5 h4 54. Kc4 Rf3 55. Nc5 h3 56. b4 h2 57. b5 h1Q 58. b6 Qc1+ 59. Kb5 Rxf5 0-1

[Event "SVK-chT 9899"]
[Site "Slovakia"]
[Date "1998.??.??"]
[Round "2"]
[White "Kaniansky, Miroslav"]
[Black "Halasz, Stefan"]
[Result "1-0"]
[WhiteElo "2175"]
[BlackElo "2185"]
[PlyCount "79"]
[EventDate "1998.??.??"]
[EventType "team"]
[EventRounds "11"]
[EventCountry "SVK"]
[SourceTitle "EXT 2000"]
[Source "ChessBase"]
[SourceDate "1999.11.16"]
[SourceVersion "1"]
[SourceVersionDate "1999.11.16"]
[SourceQuality "1"]

1. d4 Nf6 2. Nf3 d5 3. c4 e6 4. Bg5 h6 5. Bxf6 Qxf6 6. e3 Bb4+ 7. Nc3 0-0 8. Qb3 Bxc3+ 9. Qxc3 c6 10. Bd3 Nd7 11. 0-0 Qe7 12. cxd5 exd5 13. b4 a6 14. a4 Nf6 15. Nd2 Re8 16. b5 axb5 17. axb5 Bd7 18. bxc6 Bxc6 19. Ra5 Rec8 20. Rfa1 Qd8 21. Nb3 Ba4 22. Rxa8 Rxa8 23. Nc5 Bc6 24. Rb1 Qc8 25. h3 g6 26. Qb4 Rb8 27. Ba6 Ne4 28. Nxe4 dxe4 29. Qd6 Ra8 30. Bc4 Kg7 31. Qe5+ Kg8 32. Qf6 Qf5 33. Bxf7+ Kf8 34. Qh8+ Kxf7 35. Qxa8 Qd5 36. Qh8 Qc4 37. Qxh6 Qc2 38. Qf4+ Kg7 39. Ra1 Qb2 40. Ra8 1-0

[Event "SVK-chT1E 9798"]
[Site "Slovakia"]
[Date "1998.??.??"]
[Round "6"]
[White "Lukac, Jozef"]
[Black "Halasz, Stefan"]
[Result "1-0"]
[WhiteElo "2065"]
[BlackElo "2280"]
[PlyCount "103"]
[EventDate "1997.??.??"]
[EventType "team"]
[EventRounds "11"]
[EventCountry "SVK"]
[SourceTitle "EXT 1999"]
[Source "ChessBase"]
[SourceDate "1998.11.16"]
[SourceVersion "1"]
[SourceVersionDate "1998.11.16"]
[SourceQuality "1"]

1. Nf3 Nf6 2. b3 b6 3. g3 Bb7 4. Bg2 e5 5. 0-0 d6 6. d3 Nbd7 7. e4 c5 8. Nh4 g6 9. f4 Bg7 10. f5 d5 11. Nc3 d4 12. Nb5 0-0 13. a4 a6 14. Nd6 Bc6 15. Nc4 b5 16. Nb2 Qc7 17. Bd2 Nb6 18. a5 Nc8 19. Qe2 Nd6 20. g4 gxf5 21. Nxf5 Nxf5 22. Rxf5 Bd7 23. g5 Ne8 24. Raf1 Bxf5 25. exf5 Rd8 26. f6 Bh8 27. Be4 Nd6 28. Bxh7+ Kxh7 29. Qh5+ Kg8 30. g6 fxg6 31. Qxg6+ Bg7 32. Bh6 Qf7 33. Qg2 Kh7 34. Bxg7 Qg6 35. Bxf8 Qxg2+ 36. Kxg2 Rxf8 37. Nd1 Kg6 38. Nf2 Rxf6 39. Rg1 Nb7 40. Ng4 Re6 41. Kf3 Kf5 42. h4 Nxa5 43. Nf2 Rf6 44. Ne4 Rc6 45. h5 c4 46. Rg5+ Ke6 47. b4 cxd3 48. cxd3 Nb7 49. Rg6+ Kd7 50. Rxc6 Kxc6 51. h6 Nd8 52. Ng5 1-0

[Event "SVK-chT 9798"]
[Site "Slovakia"]
[Date "1998.??.??"]
[Round "6"]
[White "Marek, Stanislav"]
[Black "Halasz, Stefan"]
[Result "1-0"]
[WhiteElo "2170"]
[BlackElo "2280"]
[PlyCount "23"]
[EventDate "1997.??.??"]
[EventType "team"]
[EventRounds "11"]
[EventCountry "SVK"]
[SourceTitle "EXT 1999"]
[Source "ChessBase"]
[SourceDate "1998.11.16"]
[SourceVersion "1"]
[SourceVersionDate "1998.11.16"]
[SourceQuality "1"]

1. c4 c5 2. Nf3 Nc6 3. Nc3 Nf6 4. d4 d5 5. cxd5 Nxd5 6. e4 Nxc3 7. bxc3 Bg4 8. d5 Ne5 9. Nxe5 Bxd1 10. Bb5+ Qd7 11. Bxd7+ Kd8 12. Kxd1 1-0

[Event "SVK-chT 9697"]
[Site "Slovakia"]
[Date "1997.??.??"]
[Round "10"]
[White "Halasz, Stefan"]
[Black "Dudas, Jan"]
[Result "0-1"]
[WhiteElo "2340"]
[BlackElo "2310"]
[PlyCount "56"]
[EventDate "1996.??.??"]
[EventType "team"]
[EventRounds "11"]
[EventCountry "SVK"]
[SourceTitle "EXT 1998"]
[Source "ChessBase"]
[SourceDate "1997.11.17"]
[SourceVersion "1"]
[SourceVersionDate "1997.11.17"]
[SourceQuality "1"]

1. e4 c5 2. Nf3 d6 3. Bb5+ Bd7 4. Bxd7+ Qxd7 5. 0-0 Nc6 6. Nc3 g6 7. d4 cxd4 8. Nxd4 Bg7 9. Be3 Nf6 10. f3 0-0 11. Qd2 Ne5 12. b3 Rfc8 13. Nd5 Nc6 14. c4 Nxd5 15. cxd5 Nxd4 16. Bxd4 Bxd4+ 17. Qxd4 Rc2 18. Rf2 Qc7 19. Rd1 Rc8 20. Rxc2 Qxc2 21. Qd2 f5 22. exf5 Qxf5 23. Qe2 Rc7 24. Rd2 Kf7 25. g4 Qf4 26. Kg2 h5 27. Qe6+ Kg7 28. Re2 h4 0-1